[Event "World Blitz 2025"]
[Site "Doha QAT"]
[Date "2025.12.29"]
[Round "12.51"]
[White "Khubukshanov, Erdem"]
[Black "Theodorou, Nikolas"]
[Result "0-1"]
[WhiteTitle "IM"]
[BlackTitle "GM"]
[WhiteElo "2502"]
[BlackElo "2652"]
[WhiteFideId "54114527"]
[BlackFideId "4262875"]
[EventDate "2025.12.29"]

1. e4 b6 2. d4 Bb7 3. Bd3 d6 4. Nf3 Nd7 5. O-O e5 6. c3 Ngf6 7. Re1 g6 8. a4 a6
9. a5 Bg7 10. axb6 cxb6 11. Nbd2 O-O 12. b3 Qc7 13. Bb2 Rfe8 14. h3 d5 15. dxe5
dxe4 16. Nxe4 Nxe5 17. Nxe5 Rxe5 18. Nxf6+ Bxf6 19. Rxe5 Bxe5 20. Qc2 Qc6 21.
Bf1 Qf6 22. Qd2 Rd8 23. Qe3 Bf4 24. Qe1 Bd2 25. Qd1 Be3 26. Qe2 Qxf2+ 27. Qxf2
Bxf2+ 28. Kxf2 Rd2+ 29. Kg3 Rxb2 30. b4 Rb3 31. Rc1 a5 32. bxa5 bxa5 33. Kf4 a4
34. Ra1 Rxc3 35. Rxa4 Rc1 36. Bc4 Bxg2 37. h4 Kg7 38. Ba2 Rc7 39. h5 h6 40. hxg6
fxg6 41. Ra6 g5+ 42. Ke5 Re7+ 43. Kd6 Re2 44. Ra7+ Kf6 45. Bc4 Rd2+ 46. Kc5 g4
47. Ra6+ Kg5 48. Bf7 Be4 49. Ra4 Bf5 50. Ra8 g3 51. Rg8+ Kf4 52. Bd5 h5 53. Kc4
Bg4 54. Bb7 g2 55. Rf8+ Kg3 56. Bxg2 Rxg2 57. Kd4 h4 58. Ke3 Re2+ 59. Kd3 Re7
60. Rg8 h3 61. Rh8 h2 62. Kd4 Re1 63. Kd3 h1=Q 64. Rxh1 Rxh1 65. Kd4 0-1

[Event "World Blitz 2025"]
[Site "Doha QAT"]
[Date "2025.12.29"]
[Round "12.52"]
[White "Xiao, Tong(QD)"]
[Black "Ponkratov, Pavel"]
[Result "1/2-1/2"]
[WhiteTitle "GM"]
[BlackTitle "GM"]
[WhiteElo "2555"]
[BlackElo "2587"]
[WhiteFideId "8622388"]
[BlackFideId "4157800"]
[EventDate "2025.12.29"]

1. b3 e5 2. Bb2 Nc6 3. c4 Nf6 4. Nf3 e4 5. Nd4 Bc5 6. Nf5 O-O 7. e3 d5 8. cxd5
Qxd5 9. Ng3 Ne5 10. Nc3 Nd3+ 11. Bxd3 Qxd3 12. Qe2 Qxe2+ 13. Kxe2 Re8 14. Rac1
Bb6 15. f3 exf3+ 16. gxf3 c6 17. Rhg1 g6 18. h4 Bd8 19. h5 b6 20. Nce4 Nxe4 21.
Nxe4 c5 22. Nf6+ Bxf6 23. Bxf6 Re6 24. Bc3 a5 25. d4 Bb7 26. hxg6 fxg6 27. e4
cxd4 28. Bxd4 Rd8 29. Be3 Ba6+ 30. Kf2 Rf8 31. Rg4 Ref6 32. Rg3 Bb7 33. Bd4 Rd6
34. Ke3 Rfd8 35. Be5 Rd3+ 36. Kf4 Rf8+ 37. Kg5 Rfxf3 38. Rxf3 Rxf3 39. Rc7 Rf7
40. Rxf7 Kxf7 41. Bc7 b5 42. Bxa5 Bxe4 1/2-1/2

[Event "World Blitz 2025"]
[Site "Doha QAT"]
[Date "2025.12.29"]
[Round "12.53"]
[White "Salinas Herrera, Pablo"]
[Black "Siddharth, Jagadeesh"]
[Result "1-0"]
[WhiteTitle "GM"]
[BlackTitle "GM"]
[WhiteElo "2473"]
[BlackElo "2489"]
[WhiteFideId "3407128"]
[BlackFideId "5818320"]
[EventDate "2025.12.29"]

1. e4 d6 2. d4 Nf6 3. Nd2 e5 4. c3 Nbd7 5. Ngf3 g6 6. Bd3 Bg7 7. O-O O-O 8. Re1
b6 9. Nf1 Bb7 10. Ng3 Re8 11. h3 d5 12. Nxe5 Nxe5 13. dxe5 Nxe4 14. Bf4 Nc5 15.
Bb5 c6 16. Bf1 Ne6 17. Bd2 c5 18. f4 Qh4 19. Qf3 Rad8 20. Bb5 Re7 21. f5 d4 22.
Qf2 Nc7 23. f6 Bxf6 24. exf6 Rxe1+ 25. Rxe1 Nxb5 26. Re7 dxc3 27. bxc3 Bd5 28.
c4 Qxc4 29. Nf5 Be6 30. Qe3 Qd5 31. Qh6 1-0

[Event "World Blitz 2025"]
[Site "Doha QAT"]
[Date "2025.12.29"]
[Round "12.54"]
[White "Wafa, Hamed"]
[Black "Bai, Jinshi"]
[Result "0-1"]
[WhiteTitle "IM"]
[BlackTitle "GM"]
[WhiteElo "2373"]
[BlackElo "2599"]
[WhiteFideId "10628452"]
[BlackFideId "8602280"]
[EventDate "2025.12.29"]

1. e4 e5 2. Nf3 d6 3. d4 exd4 4. Qxd4 Nc6 5. Bb5 Bd7 6. Bxc6 Bxc6 7. Nc3 Nf6 8.
Bg5 Be7 9. O-O-O O-O 10. Rhe1 Ng4 11. Bxe7 Qxe7 12. Nd5 Bxd5 13. exd5 Qd7 14. h3
Nf6 15. g4 Rfe8 16. b3 a5 17. a4 b5 18. axb5 Qxb5 19. g5 Rxe1 20. Nxe1 Nd7 21.
Kb2 Nb6 22. Qd3 Qb4 23. Ra1 a4 24. Nf3 Rb8 25. Kc1 Qf4+ 26. Nd2 axb3 27. cxb3
Qxg5 28. Ra7 Nxd5 29. Qb5 Rf8 30. Ra5 Qg1+ 31. Kc2 c6 32. Qxc6 Nb4+ 0-1

[Event "World Blitz 2025"]
[Site "Doha QAT"]
[Date "2025.12.29"]
[Round "12.55"]
[White "Peyrer, Konstantin"]
[Black "Ahmad, Khagan"]
[Result "0-1"]
[WhiteTitle "IM"]
[BlackTitle "IM"]
[WhiteElo "2496"]
[BlackElo "2472"]
[WhiteFideId "1640879"]
[BlackFideId "13431552"]
[EventDate "2025.12.29"]

1. Nf3 c5 2. c4 Nc6 3. g3 g6 4. Bg2 Bg7 5. Nc3 d6 6. a3 Be6 7. d3 Qc8 8. h3 Nf6
9. Rb1 a5 10. b3 O-O 11. Bb2 Bd7 12. Qd2 Nd4 13. Nxd4 cxd4 14. Na4 Bxa4 15. bxa4
Nd7 16. h4 h5 17. O-O Nc5 18. Ba1 Kh7 19. Rb5 Qc7 20. Rfb1 Ra7 21. Qc2 f5 22. e3
dxe3 23. fxe3 Bxa1 24. Rxa1 e5 25. d4 exd4 26. exd4 Ne4 27. Rab1 d5 28. Rxd5
Qxg3 29. Rd7+ Kh6 30. Rf1 Qe3+ 31. Kh2 Raa8 32. Qc1 Nd2 33. Rd1 Nxc4 34. Qxc4 f4
35. Qc7 Qg3+ 36. Kg1 Qxh4 37. Rh7+ Kg5 38. Qe7+ Kg4 39. Qe6+ Kg5 40. Re1 Rf5 41.
Rg7 Rf6 42. Re5+ Kh6 43. Qe7 Rh8 44. Re6 Rhf8 45. Rh7+ Kg5 46. Qc5+ Kg4 47. Re4 0-1

[Event "World Blitz 2025"]
[Site "Doha QAT"]
[Date "2025.12.29"]
[Round "12.56"]
[White "Makhnev, Denis"]
[Black "Smirnov, Mark"]
[Result "1-0"]
[WhiteTitle "GM"]
[BlackTitle "FM"]
[WhiteElo "2532"]
[BlackElo "2420"]
[WhiteFideId "13707647"]
[BlackFideId "13764594"]
[EventDate "2025.12.29"]

1. d4 Nf6 2. c4 e6 3. Nf3 d5 4. g3 dxc4 5. Bg2 Bd7 6. Ne5 Bc6 7. Nxc6 Nxc6 8.
O-O Qd7 9. e3 Rd8 10. Nd2 e5 11. Nxc4 exd4 12. exd4 Be7 13. Be3 Nd5 14. Bd2 O-O
15. Ne3 Nf6 16. d5 Nb4 17. Qb3 Nbxd5 18. Nxd5 Nxd5 19. Qxb7 Bf6 20. Rac1 Rfe8
21. Ba5 Qa4 22. Bxc7 Nxc7 23. Rxc7 Qxa2 24. b3 Rb8 25. Qd5 Qxb3 26. Qxb3 Rxb3
27. Bd5 Rc3 28. Bxf7+ Kf8 29. Rxc3 Kxf7 30. Rc7+ Re7 31. Rfc1 Be5 32. Rxe7+ Kxe7
33. Kf1 Kd6 34. f4 Bd4 35. Rc4 Bc5 36. Ra4 Kc6 37. f5 Kb5 38. Rh4 a5 39. Ke2 a4
40. Kd1 Be7 41. Rxh7 Bf6 42. Kc2 Kc4 43. Rh8 a3 44. Ra8 Bb2 45. g4 Kd5 46. g5
Bd4 47. f6 gxf6 48. g6 f5 49. Rd8+ Kc5 50. Rxd4 1-0

[Event "World Blitz 2025"]
[Site "Doha QAT"]
[Date "2025.12.29"]
[Round "12.57"]
[White "Sasikiran, Krishnan"]
[Black "Dau Khuong Duy"]
[Result "1/2-1/2"]
[WhiteTitle "GM"]
[BlackTitle "IM"]
[WhiteElo "2538"]
[BlackElo "2489"]
[WhiteFideId "5004985"]
[BlackFideId "12424722"]
[EventDate "2025.12.29"]

1. e4 c5 2. Nf3 d6 3. c3 Nf6 4. Be2 g6 5. O-O Bg7 6. Bb5+ Nc6 7. d4 O-O 8. d5 a6
9. Be2 Na5 10. b4 cxb4 11. cxb4 Nxe4 12. Nd4 Qb6 13. Nc2 Bxa1 14. Be3 Qc7 15.
Nxa1 Nf6 16. Qd4 b5 17. bxa5 Bb7 18. Nc3 Rac8 19. Bd2 Qc5 20. Qh4 Nxd5 21. Nb3
Qc7 22. Nxd5 Bxd5 23. Bh6 f6 24. Bxf8 Rxf8 25. Rc1 Qb7 26. Bf1 Rc8 27. Qf4 Rxc1
28. Qxc1 Kg7 29. h4 e5 30. Qd2 Qc6 31. Nc1 Bf7 32. Nd3 d5 33. Nb4 Qd6 34. a3 d4
35. Qc2 Qd8 36. Qc6 Qxa5 37. Qxa6 Qc7 38. Qxb5 e4 39. Qc6 Qe5 40. Qd7 d3 41.
Nxd3 exd3 42. Bxd3 Qa1+ 43. Kh2 Qxa3 44. Bc4 Qf8 45. Bxf7 Qxf7 46. Qxf7+ 1/2-1/2

[Event "World Blitz 2025"]
[Site "Doha QAT"]
[Date "2025.12.29"]
[Round "12.58"]
[White "Martinez Alcantara, Jose Eduardo"]
[Black "Grebnev, Aleksey"]
[Result "1/2-1/2"]
[WhiteTitle "GM"]
[BlackTitle "GM"]
[WhiteElo "2667"]
[BlackElo "2632"]
[WhiteFideId "3805662"]
[BlackFideId "34189030"]
[EventDate "2025.12.29"]

1. b3 d5 2. Bb2 c6 3. e3 Bf5 4. Nf3 e6 5. Be2 Nd7 6. d3 h6 7. Nbd2 Ngf6 8. h3
Bh7 9. a3 a5 10. c4 Bd6 11. O-O O-O 12. d4 Ne4 13. Nxe4 Bxe4 14. Nd2 Bg6 15. Bc3
Qe7 16. c5 Bc7 17. b4 axb4 18. axb4 e5 19. b5 e4 20. Rxa8 Rxa8 21. b6 Bb8 22.
Nb3 Nf6 23. Na5 Bf5 24. Re1 Bc8 25. Bf1 Nh7 26. Qh5 Nf6 27. Qe2 Nh7 28. Ra1 Qh4
29. g3 Qf6 30. h4 g5 31. Qh5 Kg7 32. Be2 Qf5 33. hxg5 hxg5 34. g4 Qf6 35. Kg2
Nf8 36. Rh1 Kg8 37. Rh3 Ng6 38. Kf1 Nh4 39. Rxh4 gxh4 40. g5 Qf5 41. Qxh4 Qh3+
42. Qxh3 Bxh3+ 43. Kg1 Bc8 44. f4 exf3 45. Bxf3 Kg7 46. e4 dxe4 47. Bxe4 Kf8 48.
d5 cxd5 49. Bxd5 Be5 50. Bb4 Bd4+ 51. Kg2 Kg7 52. Bxb7 Bxc5 53. Bxa8 Bxb4 54. b7
Bxb7+ 55. Nxb7 Kg6 56. Nd8 Kxg5 1/2-1/2

[Event "World Blitz 2025"]
[Site "Doha QAT"]
[Date "2025.12.29"]
[Round "12.59"]
[White "Iturrizaga Bonelli, Eduardo"]
[Black "Gavrilescu, David"]
[Result "0-1"]
[WhiteTitle "GM"]
[BlackTitle "GM"]
[WhiteElo "2592"]
[BlackElo "2542"]
[WhiteFideId "3901211"]
[BlackFideId "1227190"]
[EventDate "2025.12.29"]

1. c4 e6 2. Nf3 d5 3. e3 Nf6 4. b3 Bd6 5. Bb2 O-O 6. Nc3 a6 7. Be2 Nbd7 8. O-O
b6 9. cxd5 exd5 10. Rc1 Re8 11. Re1 Bb7 12. Bf1 Qe7 13. g3 c5 14. d4 Rac8 15.
Bh3 Rc7 16. Ne2 c4 17. a4 Ne4 18. Nf4 b5 19. axb5 axb5 20. Ra1 c3 21. Bc1 Ndf6
22. Ne5 Bxe5 23. dxe5 Qxe5 24. Qc2 Ng5 25. Bg2 d4 26. Nd3 Qf5 27. e4 Bxe4 28.
Bxg5 Bxd3 29. Rxe8+ Nxe8 30. Ra8 0-1

[Event "World Blitz 2025"]
[Site "Doha QAT"]
[Date "2025.12.29"]
[Round "12.60"]
[White "Ganguly, Surya Shekhar"]
[Black "Alekseenko, Kirill"]
[Result "0-1"]
[WhiteTitle "GM"]
[BlackTitle "GM"]
[WhiteElo "2568"]
[BlackElo "2659"]
[WhiteFideId "5002150"]
[BlackFideId "4135539"]
[EventDate "2025.12.29"]

1. Nf3 d5 2. e3 Bg4 3. c4 dxc4 4. Bxc4 e6 5. h3 Bh5 6. Nc3 a6 7. g4 Bg6 8. Ne5
Ne7 9. d4 Nd7 10. Nxg6 Nxg6 11. Qf3 c6 12. Qg3 h5 13. gxh5 Nh4 14. Be2 Nf5 15.
Qg2 Nf6 16. Bd2 Nxh5 17. O-O-O Nf6 18. Bd3 g6 19. Kb1 Qc7 20. Rc1 Bg7 21. Ne4
Nxe4 22. Bxe4 Ne7 23. Bb4 Rd8 24. Rhg1 Nd5 25. Ba3 Rh6 26. h4 Bf6 27. Rh1 Be7
28. Bxe7 Qxe7 29. Qg3 Nf6 30. Bf3 Nh5 31. Qe5 Qd6 32. Qg5 Rh8 33. a3 Kf8 34.
Rhg1 Qe7 35. Qe5 Qf6 36. Qe4 Rd5 37. Rh1 Rf5 38. Rh3 Kg7 39. Ka1 Qe7 40. Rc2 a5
41. Qd3 a4 42. Bg4 Rb5 43. f4 Nf6 44. Bf3 Rb3 45. Qe2 Nd5 46. Bxd5 exd5 47. h5
Qe6 48. Qf3 Qf5 49. Rg2 Re8 50. hxg6 fxg6 51. Qf2 Qxh3 52. Qc2 Qh5 53. f5 Rbxe3
54. Rxg6+ Kf7 55. Qxa4 Qxf5 56. Rh6 Re1+ 0-1

[Event "World Blitz 2025"]
[Site "Doha QAT"]
[Date "2025.12.29"]
[Round "12.61"]
[White "Wojtaszek, Radoslaw"]
[Black "Sahidi, Samir"]
[Result "1-0"]
[WhiteTitle "GM"]
[BlackTitle "IM"]
[WhiteElo "2667"]
[BlackElo "2516"]
[WhiteFideId "1118358"]
[BlackFideId "14936372"]
[EventDate "2025.12.29"]

1. d4 Nf6 2. c4 e6 3. Nf3 Bb4+ 4. Bd2 Qe7 5. g3 O-O 6. Bg2 Nc6 7. O-O Bxd2 8.
Qxd2 d6 9. Nc3 e5 10. dxe5 Nxe5 11. b3 Re8 12. Rfe1 h6 13. Nd4 c6 14. Rad1 Rd8
15. f4 Ng6 16. e4 Bg4 17. Rc1 Bd7 18. Nf5 Qf8 19. Nxd6 Bh3 20. e5 Bxg2 21. Qxg2
Rxd6 22. exd6 Qxd6 23. Rcd1 Qc5+ 24. Qf2 Qf5 25. Qf3 Nf8 26. Ne4 Ne6 27. Nxf6+
Qxf6 28. Re5 a5 29. Qe3 a4 30. b4 Nf8 31. a3 Ng6 32. Re8+ Rxe8 33. Qxe8+ Kh7 34.
Qe3 Qb2 35. c5 Qc2 36. Rd2 Qc1+ 37. Kg2 Qb1 38. Qd3 Qe1 39. Re2 Qc1 40. h4 h5
41. Qf5 Qxa3 42. Qxh5+ Kg8 43. Re8+ Nf8 44. Qe5 Qa2+ 45. Kh3 Qb1 46. Qd6 Qf5+
47. g4 Qc2 48. Qxf8+ Kh7 49. Qh8+ Kg6 50. Qh5+ 1-0

[Event "World Blitz 2025"]
[Site "Doha QAT"]
[Date "2025.12.29"]
[Round "12.62"]
[White "Mitrabha, Guha"]
[Black "Zverev, Lev"]
[Result "0-1"]
[WhiteTitle "GM"]
[BlackTitle "IM"]
[WhiteElo "2508"]
[BlackElo "2453"]
[WhiteFideId "5057000"]
[BlackFideId "24250775"]
[EventDate "2025.12.29"]

1. c4 e5 2. g3 Nf6 3. Bg2 c6 4. d4 exd4 5. Qxd4 Na6 6. Nf3 Bc5 7. Qe5+ Be7 8.
O-O O-O 9. Nc3 d6 10. Qf4 Be6 11. Rd1 h6 12. b3 Qa5 13. Bb2 Rad8 14. Qe3 Qc7 15.
Nd4 Bc8 16. Rac1 Rfe8 17. Qd2 Qb8 18. Qc2 d5 19. cxd5 Nb4 20. Qb1 Nbxd5 21. Nf5
Bf8 22. Nxd5 Nxd5 23. e3 Be6 24. Rd4 Qc8 25. Nh4 g5 26. Nf3 Bg7 27. Rd2 Bf5 28.
Qa1 Bxb2 29. Qxb2 Nb4 30. Rcd1 Bc2 31. Rxd8 Rxd8 32. Rc1 Bg6 33. Ne5 Qe6 34. Bf1
Be4 35. f3 Nd3 36. Bxd3 Bxd3 37. Rd1 Rd5 38. f4 Be4 39. Rd4 f5 40. Qd2 gxf4 41.
exf4 Qd6 42. Rxd5 Bxd5 43. Qd4 Qa3 44. Qd2 Qc5+ 45. Kf1 a5 46. Ng6 a4 47. bxa4
Qc4+ 48. Kf2 Kg7 49. Ne5 Qxa4 50. Qc3 Qxa2+ 51. Ke3 Kh7 52. Nd7 Qb3 53. Qxb3
Bxb3 54. Nc5 Bd5 55. Nxb7 Kg6 56. Nc5 Kh5 57. h3 Bg2 58. h4 Bd5 59. Nd7 Kg4 60.
Kf2 Kh3 61. Nc5 Kg4 62. Nd3 Be4 63. Ne5+ Kh3 64. Nf7 h5 65. Ng5+ Kg4 66. Nf7 c5
67. Ne5+ Kh3 68. Nc4 Bd3 69. Ne5 c4 70. Kf3 Be4+ 71. Kf2 c3 72. Ke3 Kxg3 73. Nd7
c2 74. Kd2 Kxh4 75. Nf6 Bd3 76. Kc1 Be2 77. Kxc2 Kg3 78. Kd2 Kf2 79. Nh7 h4 80.
Ng5 Bg4 0-1

[Event "World Blitz 2025"]
[Site "Doha QAT"]
[Date "2025.12.29"]
[Round "12.63"]
[White "Daneshvar, Bardiya"]
[Black "Donchenko, Alexander"]
[Result "1-0"]
[WhiteTitle "GM"]
[BlackTitle "GM"]
[WhiteElo "2600"]
[BlackElo "2661"]
[WhiteFideId "12576468"]
[BlackFideId "24603295"]
[EventDate "2025.12.29"]

1. d4 Nf6 2. Bg5 d5 3. e3 c5 4. Bxf6 gxf6 5. dxc5 e6 6. Nf3 Bxc5 7. Be2 Nc6 8.
O-O O-O 9. c4 dxc4 10. Qc2 b5 11. a4 Nb4 12. Qc1 Nd3 13. Bxd3 Qxd3 14. axb5 Bb7
15. Nbd2 Rac8 16. Qxc4 Qg6 17. Qe2 Kh8 18. Rfc1 Bb6 19. Nf1 Rfd8 20. Ng3 Qd3 21.
Rxc8 Bxc8 22. Qxd3 Rxd3 23. Nh5 Rb3 24. Nd4 Rxb2 25. Nxf6 Bb7 26. h3 Kg7 27. Nd7
Bxd4 28. exd4 Rxb5 29. Rxa7 Bd5 30. Ne5 Rb7 31. Rxb7 Bxb7 32. f4 f6 33. Nc4 Bd5
34. Ne3 Be4 35. g4 h6 36. Kf2 Kg6 37. h4 Bb7 38. Kg3 Be4 39. Nc4 Bd5 40. Nd6 Bc6
41. f5+ exf5 42. h5+ Kh7 43. Nxf5 Bd5 44. Kf4 Bb7 45. Nd6 Bc6 46. Nf5 Bb7 47.
Kg3 Bc6 48. Kf2 Bb7 49. Ke3 Bc6 50. Ne7 Bd7 51. Kf4 Kg7 52. Nf5+ Kf7 53. Nxh6+
Ke6 54. Nf5 Be8 55. Ng7+ Kd5 1-0

[Event "World Blitz 2025"]
[Site "Doha QAT"]
[Date "2025.12.29"]
[Round "12.64"]
[White "Karthik, Venkataraman"]
[Black "Yakubboev, Nodirbek"]
[Result "0-1"]
[WhiteTitle "GM"]
[BlackTitle "GM"]
[WhiteElo "2589"]
[BlackElo "2691"]
[WhiteFideId "25006479"]
[BlackFideId "14203987"]
[EventDate "2025.12.29"]

1. d4 Nf6 2. Bg5 d5 3. e3 c5 4. c3 Nbd7 5. Nd2 b6 6. f4 Bb7 7. Ngf3 Ng4 8. Qe2
f6 9. Bh4 Nh6 10. Rg1 Nf5 11. Bf2 h5 12. Nh4 Nxh4 13. Bxh4 Qc7 14. Qf2 e6 15.
Bd3 O-O-O 16. O-O-O Kb8 17. Kb1 Ka8 18. h3 Bd6 19. g4 hxg4 20. hxg4 a6 21. g5 f5
22. g6 Rb8 23. Nf3 b5 24. Ng5 Rhe8 25. dxc5 Nxc5 26. Nf7 Bf8 27. Qe2 Bc6 28. Rc1
Rb6 29. Rh1 Reb8 30. Be1 Be8 31. Nh8 Qb7 32. Rh7 a5 33. Qd1 Qa7 34. Be2 Ne4 35.
Qd4 Nf6 36. Rh3 Qc7 37. Qd1 Bc5 38. b4 Bd6 39. bxa5 Ra6 40. Ka1 Rxa5 41. c4
Rxa2+ 42. Kxa2 Qa7+ 43. Kb2 bxc4+ 44. Kc3 Ne4+ 0-1

[Event "World Blitz 2025"]
[Site "Doha QAT"]
[Date "2025.12.29"]
[Round "12.65"]
[White "Kobalia, Mikhail"]
[Black "Warmerdam, Max"]
[Result "0-1"]
[WhiteTitle "GM"]
[BlackTitle "GM"]
[WhiteElo "2537"]
[BlackElo "2573"]
[WhiteFideId "4119150"]
[BlackFideId "1048104"]
[EventDate "2025.12.29"]

1. e4 c5 2. Nf3 d6 3. Bb5+ Bd7 4. c4 Nf6 5. Nc3 e6 6. O-O a6 7. Bxd7+ Nbxd7 8.
b3 Ne5 9. Qe2 Nfd7 10. Rd1 Be7 11. d4 Nxf3+ 12. Qxf3 cxd4 13. Rxd4 O-O 14. Rd1
Rc8 15. Bb2 Qa5 16. Rac1 Rfd8 17. h3 h6 18. Qe2 Ne5 19. Rc2 b5 20. f4 Nd7 21.
cxb5 axb5 22. Rdc1 b4 23. Na4 Rxc2 24. Qxc2 Nc5 25. Nxc5 dxc5 26. Be5 Qa6 27.
Re1 Bf8 28. Kh2 Rd3 29. f5 Rd7 30. Qf2 f6 31. fxe6 Qxe6 32. Bg3 Rd3 33. Re3 Rd4
34. Qf3 Bd6 35. Bxd6 Qxd6+ 36. Qg3 Qxg3+ 37. Kxg3 Rd2 38. e5 Rxa2 39. exf6 gxf6
40. Re8+ Kf7 41. Rc8 Rc2 42. Rc6 h5 43. h4 Kg6 44. Kf3 Kf5 45. g3 Rc3+ 46. Kf2
Ke5 47. Kg2 f5 48. Rc8 Kd4 49. Rd8+ Ke4 50. Re8+ Kd3 51. Rh8 Rxb3 52. Rxh5 c4
53. Rxf5 c3 54. Rc5 c2 55. Kf3 0-1

[Event "World Blitz 2025"]
[Site "Doha QAT"]
[Date "2025.12.29"]
[Round "12.66"]
[White "Nesterov, Arseniy"]
[Black "Gan-Erdene, Sugar"]
[Result "1-0"]
[WhiteTitle "GM"]
[BlackTitle "IM"]
[WhiteElo "2595"]
[BlackElo "2444"]
[WhiteFideId "24198455"]
[BlackFideId "4902980"]
[EventDate "2025.12.29"]

1. d4 Nf6 2. c4 g6 3. Nc3 Bg7 4. e4 d6 5. Be2 O-O 6. Be3 Na6 7. Nf3 e5 8. O-O
Ng4 9. Bg5 Qe8 10. Rc1 h6 11. Bh4 exd4 12. Nxd4 Nf6 13. f3 c6 14. Qd2 Nc5 15.
Rcd1 Nh5 16. Bf2 a5 17. Nb3 Nxb3 18. axb3 g5 19. g3 Bh3 20. Rfe1 Rd8 21. f4 f5
22. exf5 Qf7 23. fxg5 Bxf5 24. gxh6 Bh8 25. Qg5+ Bg6 26. Bxh5 Qxf2+ 27. Kh1 Rf6
28. Rf1 Qxf1+ 29. Rxf1 Rxf1+ 30. Kg2 Rf6 31. Bxg6 d5 32. cxd5 1-0

[Event "World Blitz 2025"]
[Site "Doha QAT"]
[Date "2025.12.29"]
[Round "12.67"]
[White "Klukin, Kirill"]
[Black "Nguyen, Ngoc Truong Son"]
[Result "1-0"]
[WhiteTitle "IM"]
[BlackTitle "GM"]
[WhiteElo "2414"]
[BlackElo "2600"]
[WhiteFideId "24199273"]
[BlackFideId "12401110"]
[EventDate "2025.12.29"]

1. d4 Nf6 2. Nf3 e6 3. e3 d5 4. Bd3 c5 5. c3 Nc6 6. O-O Be7 7. Nbd2 O-O 8. dxc5
Bxc5 9. b4 Be7 10. Bb2 b6 11. a3 Bb7 12. c4 h6 13. Rc1 Rc8 14. Qe2 a5 15. b5 Nb8
16. cxd5 Qxd5 17. Nc4 Nbd7 18. Rfd1 Qh5 19. Nfe5 Qxe2 20. Bxe2 Nxe5 21. Bxe5 Nd5
22. e4 Nf6 23. f3 Rfd8 24. Kf1 Nd7 25. Bd4 a4 26. Ra1 Bc5 27. Bxc5 Nxc5 28. Nxb6
Rb8 29. Rxd8+ Rxd8 30. Rc1 Nb3 31. Rc7 Na5 32. Nc4 1-0

[Event "World Blitz 2025"]
[Site "Doha QAT"]
[Date "2025.12.29"]
[Round "12.68"]
[White "Ohanyan, Emin"]
[Black "Rakhmanov, Aleksandr"]
[Result "0-1"]
[WhiteTitle "GM"]
[BlackTitle "GM"]
[WhiteElo "2493"]
[BlackElo "2585"]
[WhiteFideId "13312022"]
[BlackFideId "4173708"]
[EventDate "2025.12.29"]

1. d4 Nf6 2. Nf3 g6 3. g3 Bg7 4. Bg2 c6 5. O-O O-O 6. a4 a5 7. c4 d6 8. Nc3 Bf5
9. Nh4 Be6 10. b3 d5 11. cxd5 Nxd5 12. Bb2 Na6 13. Nf3 Qb6 14. Rb1 Rad8 15. e4
Nxc3 16. Bxc3 Bg4 17. Qe1 Nb4 18. e5 Bf5 19. Rd1 Bc2 20. Rc1 Bd3 21. Nd2 Na2 22.
Nc4 Qa6 23. Bxa5 Nxc1 24. Bxd8 Ne2+ 25. Kh1 Rxd8 26. Qd2 Bxc4 27. bxc4 Nxd4 28.
f4 Qxc4 29. Qb2 Qxa4 30. Qxb7 e6 31. Qb6 Ra8 32. Qc5 Bf8 33. Qc3 Qc2 34. Qxd4
Ra2 35. Qe4 c5 36. Qxc2 Rxc2 37. Be4 Re2 38. Bd3 Rd2 39. Bb5 Rc2 40. Rd1 c4 41.
Ba4 Ra2 42. Bb5 c3 43. Rc1 Bb4 44. Bd3 h5 45. Rc2 Ra1+ 46. Kg2 Kf8 47. Kf3 Ke7
48. Ke4 Kd7 49. Kd4 Kc6 50. Kc4 Kb6 51. Kd4 Rd1 52. Kc4 Ba5 53. Kd4 Ra1 54. Bc4
Ra4 55. h3 0-1

[Event "World Blitz 2025"]
[Site "Doha QAT"]
[Date "2025.12.29"]
[Round "12.85"]
[White "Kozak, Adam"]
[Black "Rakotomaharo, Fy Antenaina"]
[Result "1-0"]
[WhiteTitle "GM"]
[BlackTitle "IM"]
[WhiteElo "2546"]
[BlackElo "2434"]
[WhiteFideId "753246"]
[BlackFideId "13100050"]
[EventDate "2025.12.29"]

1. Nf3 d5 2. b3 Bf5 3. Bb2 e6 4. g3 Nd7 5. Bg2 Ngf6 6. d3 h6 7. Nbd2 Be7 8. e4
dxe4 9. dxe4 Bh7 10. O-O O-O 11. Qe2 a5 12. a4 Bb4 13. Rad1 Qe7 14. h3 Rad8 15.
Nd4 c6 16. Nc4 Ra8 17. Kh2 Rfe8 18. e5 Nd5 19. Nd6 Reb8 20. Nxb7 Rxb7 21. Nxc6
Qe8 22. c4 Nc3 23. Bxc3 Bxc3 24. Qe3 Bb4 25. Nxb4 Rxb4 26. Bxa8 Nf8 27. Be4 Bg6
28. Bxg6 Nxg6 29. Rd3 Qb8 30. f4 Ne7 31. Rfd1 Kh7 32. Qe4+ g6 33. Rd7 Rxb3 34.
Rxe7 Rb2+ 35. Kh1 1-0

[Event "World Blitz 2025"]
[Site "Doha QAT"]
[Date "2025.12.29"]
[Round "12.86"]
[White "Harshavardhan, G B"]
[Black "Madaminov, Mukhiddin"]
[Result "0-1"]
[WhiteTitle "IM"]
[BlackTitle "GM"]
[WhiteElo "2477"]
[BlackElo "2552"]
[WhiteFideId "25059009"]
[BlackFideId "14210703"]
[EventDate "2025.12.29"]

1. e4 e5 2. Nc3 Nc6 3. g3 Nf6 4. Bg2 Bc5 5. d3 d6 6. Na4 Bg4 7. f3 Bxg1 8. Rxg1
Be6 9. f4 h6 10. Nc3 Bg4 11. Qd2 Nd4 12. Qf2 c5 13. f5 b5 14. h3 b4 15. Na4 Bh5
16. Be3 Rc8 17. b3 d5 18. exd5 O-O 19. Bh1 Bg4 20. Bxd4 cxd4 21. Bg2 Qd7 22. Rf1
Rfe8 23. Kd2 e4 24. dxe4 Bxh3 25. Rfe1 Ng4 26. Qf3 Bxg2 27. Qxg4 Qe7 28. e5 Bxd5
29. Nb2 0-1

[Event "World Blitz 2025"]
[Site "Doha QAT"]
[Date "2025.12.29"]
[Round "12.87"]
[White "Ansat, Aldiyar"]
[Black "Agmanov, Zhandos"]
[Result "1/2-1/2"]
[WhiteTitle "IM"]
[BlackTitle "IM"]
[WhiteElo "2479"]
[BlackElo "2471"]
[WhiteFideId "13715658"]
[BlackFideId "13708309"]
[EventDate "2025.12.29"]

1. Nf3 d5 2. g3 c5 3. Bg2 Nc6 4. d4 e6 5. O-O cxd4 6. Nxd4 Bc5 7. Nxc6 bxc6 8.
b3 Nf6 9. Bb2 O-O 10. c4 Qe7 11. Nc3 a5 12. Na4 Bd6 13. Rc1 Ba6 14. Qd2 Rfd8 15.
cxd5 cxd5 16. Rfd1 Bb4 17. Bc3 Bb5 18. Bxb4 axb4 19. Nc5 Rdc8 20. Qxb4 Bxe2 21.
Rd2 Bh5 22. Rdc2 Bg6 23. Nd3 Qxb4 24. Rxc8+ Qf8 25. Rxf8+ Kxf8 26. Nb4 Nd7 27.
Bf1 Ke7 28. a4 Ne5 29. f4 Nf3+ 30. Kf2 Nd2 31. Nc6+ Kd6 32. Nd4 Rb8 33. Bb5 Ne4+
34. Ke3 Nc5 35. b4 Nxa4 36. Bxa4 Rxb4 37. Rc6+ Ke7 38. Rc7+ Kf6 39. Bd1 h5 40.
h3 Rb1 41. g4 hxg4 42. hxg4 Be4 43. Ba4 g5 44. fxg5+ Kxg5 45. Rxf7 Kxg4 46. Nxe6
Re1+ 47. Kd4 Bg6 48. Rg7 Re4+ 49. Kxd5 Rxa4 50. Rxg6+ Kf5 51. Rg1 Ra5+ 52. Nc5
Rb5 53. Rf1+ Kg5 54. Kd4 Ra5 55. Ne4+ Kg4 56. Nf6+ Kg5 57. Nd5 Ra2 58. Ke4 Kg6
59. Rg1+ Kf7 60. Ke5 Re2+ 61. Kf5 Rf2+ 62. Nf4 Ra2 63. Rb1 Ra5+ 64. Ke4 Ra2 65.
Rb7+ Kf6 66. Rb6+ Ke7 67. Ke5 Kd7 68. Rd6+ Kc7 69. Ne6+ Kb7 70. Kd5 Rd2+ 71. Nd4
Rd1 72. Rh6 Kc7 73. Rg6 Rd2 74. Kc5 Rd1 75. Rg7+ Kd8 76. Nf5 Ke8 77. Ra7 Kf8 78.
Nd6 Kg8 79. Ne4 Kf8 80. Nf6 Rd2 81. Nd5 Rf2 82. Kd6 Rf7 83. Ra1 Rf2 84. Ke6 Re2+
85. Kf5 Rf2+ 86. Ke5 Re2+ 87. Kd6 Rf2 88. Ne3 Kf7 89. Ng4 Rd2+ 90. Ke5 Rb2 91.
Ra7+ Kg6 1/2-1/2